UCL teams against who Ronaldo scored - Statistiques

Statistiques générales
  • Ce quiz a été pris 271 fois
  • Le résultat moyen est 19 sur 40
Statistiques - réponses
Goals Team % Correct
9 Bayern
94%
10 Juventus
92%
1 Manchester City
91%
4 Marseille
91%
3 Manchester United
89%
3 PSG
88%
7 Atletico
85%
7 Dortmund
83%
1 Chelsea
80%
1 Liverpool
79%
1 Inter Milan
78%
2 Arsenal
76%
2 Barcelona
71%
6 Lyon
70%
1 FC Porto
62%
4 Tottenham
60%
2 AC Milan
58%
2 FC Sevilla
57%
3 Sporting CP
57%
9 Ajax
55%
5 Roma
44%
3 Wolfsburg
44%
2 Villareal
35%
6 Galatasaray
31%
1 Leverkusen
30%
3 Atalanta
28%
7 Schalke
28%
5 Shakhtar
23%
1 Youg Boys Berne
22%
6 Malmö
20%
6 APOEL
16%
1 Auxerre
16%
4 Dynamo Kyiv
16%
2 Basel
15%
3 Copenhagen
13%
3 CSKA Moskva
9%
2 Ludogorets Razgrad
5%
1 Ferencvaros
3%
1 Debrecen
0%
2 FC Zürich
0%
Aucun quiz correspondant
Distribution des résultats
% des personnes avec chaque résultat
Percentile par nombre de réponses
Votre historique - résultats
Vous n’avez pas pris ce quiz